000 00719nam a2200205Ia 4500
999 _c39320
_d39320
001 5906
003 GE_BSU
005 20190821125755.0
008 181216s1937||||ge |||||||||||||| ||geo||
040 _cGE_BSU
041 _ageo
080 _a821.353.1-1 ა-13
100 _aაბაშიძე, გრიგოლ
_91383
245 _aლექსები /
_cგრიგოლ აბაშიძე ; რედ. რ. კერესელიძე.
264 _aტბილისი :
_bფედერაცია ;
_c1937.
300 _a59 გვ. ;
_c16 სმ.
653 _aლექსები
700 _aკერესელიძე, რ.
_eრედაქტორი
_93720
942 _cBK
_2udc